LEADER 00952nam 2200349 4500 001 990000589330203316 035 $a0058933 035 $aUSA010058933 035 $a(ALEPH)000058933USA01 035 $a0058933 100 $a20010828d1994----km-y0ENGy0103----ba 101 $aita 102 $aIT 200 1 $aPontormo$fPhilippe Costamagna$g 210 $aMilano$cElecta$d1994 215 $a379 p.$cill.$d29 cm 410 $12001 606 0 $aPontormo 676 $a759.5 700 1$aCOSTAMAGNA,$bPhilippe$0323873 702 1$aCUROTTO,$bAlberto 801 0$aIT$bsalbc$gISBD 912 $a990000589330203316 951 $aVII P 316$b118515 LM$cVII P 951 $aVII P 316BIS$b121135 LM$cVII P 959 $aBK 969 $aUMA 979 $aPATRY$b90$c20010828$lUSA01$h1106 979 $c20020403$lUSA01$h1708 979 $aPATRY$b90$c20040406$lUSA01$h1641 996 $aPontormo$9237469 997 $aUNISA LEADER 01240nam 2200433 450 001 9910555125903321 005 20190320110928.0 010 $a0-89118-225-X 035 $a(CKB)3810000000041723 035 $a(WaSeSS)IndRDA00111511 035 $a(EXLCZ)993810000000041723 100 $a20190320d1992 uy 0 101 0 $aeng 135 $aur||||||||||| 181 $ctxt$2rdacontent 182 $cc$2rdamedia 183 $acr$2rdacarrier 200 00$aOat science and technology /$fH. G. Marshall and M. E. Sorrells, co-editors 210 1$aMadison, Wisconsin :$cAmerican Society of Agronomy :$cCrop Science Society of America,$d1992. 215 $a1 online resource (846 pages) 225 1 $aAgronomy ;$vNumber 33 311 $a0-89118-110-5 410 0$aAgronomy ;$vNumber 33. 606 $aOats 606 $aOats as food 606 $aOats as feed 608 $aElectronic books. 615 0$aOats. 615 0$aOats as food. 615 0$aOats as feed. 676 $a633.13 702 $aMarshall$b H. G. 702 $aSorrells$b M. E. 801 0$bWaSeSS 801 1$bWaSeSS 906 $aBOOK 912 $a9910555125903321 996 $aOat science and technology$92817719 997 $aUNINA